[Event "Cap Aurora FISCA op"]
[Site "Cap Aurora"]
[Date "2022.06.24"]
[Round "3"]
[White "Togan, Teodor Bogdan"]
[Black "Miron, Iurii"]
[Result "1/2-1/2"]
[WhiteElo "1507"]
[BlackElo "1769"]
[PlyCount "85"]
[EventDate "2022.06.22"]
[EventType "swiss"]
[EventRounds "9"]
[EventCountry "ROU"]
[SourceTitle "EXT 2023"]
[Source "ChessBase"]
[SourceDate "2022.10.05"]
[SourceVersion "1"]
[SourceVersionDate "2022.10.05"]
[SourceQuality "1"]

1. e4 c5 2. Nf3 e6 3. d4 cxd4 4. Nxd4 Nf6 5. Nc3 d6 6. f4 a6 7. Qf3 Qb6 8. Nb3 Qc7 9. g4 b5 10. a3 Bb7 11. g5 Nfd7 12. Bg2 Nc6 13. Be3 b4 14. axb4 Nxb4 15. Qf2 Be7 16. h4 a5 17. 0-0 0-0 18. Nd4 Ba6 19. Rfd1 Rfe8 20. h5 Nf8 21. Nb3 Reb8 22. Nxa5 Nc6 23. Nxc6 Qxc6 24. e5 d5 25. Nxd5 exd5 26. Bxd5 Qc8 27. Bxa8 Rxa8 28. Qg2 Bb7 29. Rxa8 Bxa8 30. Qg3 Qxc2 31. Rd2 Qb1+ 32. Kf2 Bb4 33. Re2 Ne6 34. Bd2 Bc5+ 35. Be3 Nd4 36. Rd2 Qe4 37. g6 hxg6 38. hxg6 fxg6 39. b4 Bb6 40. Qh3 Bb7 41. Rxd4 Bxd4 42. Qe6+ Kh7 43. Qh3+ 1/2-1/2

[Event "Cap Aurora FISCA op"]
[Site "Cap Aurora"]
[Date "2022.06.22"]
[Round "1"]
[White "Togan, Teodor Bogdan"]
[Black "Stegaroiu, Marcel Florian"]
[Result "1/2-1/2"]
[WhiteElo "1507"]
[BlackElo "1917"]
[PlyCount "105"]
[EventDate "2022.06.22"]
[EventType "swiss"]
[EventRounds "9"]
[EventCountry "ROU"]
[SourceTitle "EXT 2023"]
[Source "ChessBase"]
[SourceDate "2022.10.05"]
[SourceVersion "1"]
[SourceVersionDate "2022.10.05"]
[SourceQuality "1"]

1. e4 e5 2. Nf3 Nc6 3. Bc4 Be7 4. d3 Nf6 5. Bb3 0-0 6. 0-0 d5 7. exd5 Nxd5 8. Re1 Bf6 9. Ba4 Nde7 10. Nc3 Ng6 11. Bxc6 bxc6 12. Be3 Be7 13. Qd2 Bg4 14. Ng5 h6 15. f3 Bf5 16. Nge4 Be6 17. Nc5 Bd5 18. Nb3 Nh4 19. Rf1 f5 20. Bf2 Ng6 21. Rfe1 Re8 22. Rad1 Bh4 23. d4 Bxf2+ 24. Qxf2 Qf6 25. dxe5 Rxe5 26. Rxe5 Qxe5 27. Qd4 Bxb3 28. Qxe5 Nxe5 29. axb3 g5 30. Rd4 Kf7 31. f4 gxf4 32. Rxf4 Ke6 33. Ne2 c5 34. Ng3 Rf8 35. Rh4 f4 36. Rxh6+ Kd5 37. Ne2 f3 38. Nc3+ Kd4 39. Rh4+ Ke3 40. Re4+ Kd2 41. Rxe5 Kxc2 42. gxf3 Rxf3 43. Kg2 Rf7 44. Rxc5 Kxb2 45. Nb5 Rg7+ 46. Kh1 Kxb3 47. Rxc7 Rxc7 48. Nxc7 a5 49. Nb5 a4 50. Kg2 Kc4 51. Na3+ Kb3 52. Nb5 Kb4 53. Nd4 1/2-1/2

[Event "ROM-ch U12"]
[Site "Calimanesti"]
[Date "2018.03.30"]
[Round "5"]
[White "Togan, Teodor Bogdan"]
[Black "Simon, Cristian Eduard"]
[Result "0-1"]
[WhiteElo "1557"]
[BlackElo "1343"]
[PlyCount "83"]
[EventDate "2018.03.27"]
[EventType "swiss"]
[EventRounds "9"]
[EventCountry "ROU"]
[SourceTitle "CBM 183 Extra"]
[Source "ChessBase"]
[SourceDate "2018.04.19"]
[SourceVersion "1"]
[SourceVersionDate "2018.04.19"]
[SourceQuality "1"]

1. e4 c5 2. Nf3 g6 3. d4 cxd4 4. Nxd4 Nc6 5. Nc3 Bg7 6. Be3 Nf6 7. f4 0-0 8. Be2 Qb6 9. e5 Ne8 10. Nxc6 Qxc6 11. Bf3 Qc7 12. Nd5 Qd8 13. Bc5 d6 14. exd6 Nxd6 15. 0-0 Re8 16. Re1 Be6 17. c3 Nf5 18. Ne3 Qc7 19. Nxf5 Bxf5 20. Be3 Rad8 21. Qb3 b6 22. a3 e5 23. fxe5 Bxe5 24. g3 Bxg3 25. Re2 Bxh2+ 26. Rxh2 Rxe3 27. Bg2 Rg3 28. Kh1 Rxg2 29. Rxg2 Be4 30. Rag1 Rd2 31. c4 Qc6 32. Qg3 Bxg2+ 33. Rxg2 Qxg2+ 34. Qxg2 Rxg2 35. Kxg2 Kg7 36. b4 Kf6 37. a4 Ke5 38. c5 bxc5 39. b5 Kd5 40. a5 c4 41. b6 axb6 42. a6 0-1

[Event "ROM-ch U12"]
[Site "Calimanesti"]
[Date "2018.03.29"]
[Round "4"]
[White "Costescu, Mihnea Constantin"]
[Black "Togan, Teodor Bogdan"]
[Result "1/2-1/2"]
[WhiteElo "1362"]
[BlackElo "1557"]
[PlyCount "87"]
[EventDate "2018.03.27"]
[EventType "swiss"]
[EventRounds "9"]
[EventCountry "ROU"]
[SourceTitle "CBM 183 Extra"]
[Source "ChessBase"]
[SourceDate "2018.04.19"]
[SourceVersion "1"]
[SourceVersionDate "2018.04.19"]
[SourceQuality "1"]

1. d4 d5 2. c4 e6 3. Nf3 Nf6 4. Nc3 Be7 5. Bf4 0-0 6. e3 b6 7. Rc1 c5 8. dxc5 Bxc5 9. cxd5 Nxd5 10. Nxd5 Qxd5 11. a3 Qxd1+ 12. Rxd1 Nd7 13. Bb5 Nb8 14. Ke2 a6 15. Bd3 Bb7 16. Rc1 a5 17. Rhd1 Nc6 18. Bb5 Na7 19. Ba4 Bd5 20. Nd2 Rfd8 21. f3 Rac8 22. Nb3 Bxb3 23. Bxb3 h6 24. a4 Nc6 25. Bc4 Nb4 26. Bg3 Kf8 27. Bh4 g5 28. Bg3 Ke7 29. h4 Rxd1 30. Rxd1 Bxe3 31. Bd6+ Kf6 32. hxg5+ hxg5 33. Bxb4 axb4 34. Bxe6 Kxe6 35. Kxe3 Rc2 36. Rd2 Rxd2 37. Kxd2 f5 38. g3 Kd6 39. Kd3 Kd5 40. b3 Kc5 41. Ke3 g4 42. f4 Kd5 43. Kd3 Kc5 44. Ke3 1/2-1/2

[Event "ROM-ch U12"]
[Site "Calimanesti"]
[Date "2018.03.28"]
[Round "2"]
[White "Maresanu, Mina Andrei"]
[Black "Togan, Teodor Bogdan"]
[Result "1-0"]
[WhiteElo "1376"]
[BlackElo "1557"]
[PlyCount "73"]
[EventDate "2018.03.27"]
[EventType "swiss"]
[EventRounds "9"]
[EventCountry "ROU"]
[SourceTitle "CBM 183 Extra"]
[Source "ChessBase"]
[SourceDate "2018.04.19"]
[SourceVersion "1"]
[SourceVersionDate "2018.04.19"]
[SourceQuality "1"]

1. e4 e5 2. Nf3 Nc6 3. Bc4 Bc5 4. c3 Nf6 5. d4 exd4 6. cxd4 Bb4+ 7. Bd2 Bxd2+ 8. Nbxd2 d5 9. exd5 Nxd5 10. 0-0 0-0 11. Rc1 Nb6 12. Bb3 Nxd4 13. Nxd4 Qxd4 14. Rxc7 Qxb2 15. Ne4 Be6 16. Bxe6 fxe6 17. Rxb7 Qxa2 18. Qd4 Rf7 19. Rxf7 Kxf7 20. Ng5+ Kg8 21. Qe4 g6 22. Qb7 e5 23. Qxh7+ Kf8 24. Qh8+ Ke7 25. Qxe5+ Kd7 26. Rd1+ Kc6 27. Qf6+ Kb7 28. Qg7+ Kc6 29. Qxg6+ Kb7 30. Qe4+ Ka6 31. Qe5 Kb7 32. Ne4 a5 33. Nc5+ Kc6 34. f3 a4 35. Rd6+ Kb5 36. Nb3+ Ka6 37. Qa5+ 1-0

[Event "ROM-ch U12"]
[Site "Calimanesti"]
[Date "2018.03.27"]
[Round "1"]
[White "Togan, Teodor Bogdan"]
[Black "Balan, Octavian"]
[Result "1-0"]
[WhiteElo "1557"]
[BlackElo "1155"]
[PlyCount "76"]
[EventDate "2018.03.27"]
[EventType "swiss"]
[EventRounds "9"]
[EventCountry "ROU"]
[SourceTitle "CBM 183 Extra"]
[Source "ChessBase"]
[SourceDate "2018.04.19"]
[SourceVersion "1"]
[SourceVersionDate "2018.04.19"]
[SourceQuality "1"]

1. e4 c5 2. Nf3 d6 3. d4 cxd4 4. Nxd4 Nf6 5. Nc3 Nbd7 6. f4 e5 7. Nf3 a6 8. a4 Be7 9. Bd3 0-0 10. 0-0 Re8 11. Kh1 Qc7 12. Qe1 Nf8 13. f5 Bd7 14. Qg3 Kh8 15. Bd2 h6 16. b3 N8h7 17. Rac1 Bc6 18. Rfe1 Rad8 19. Bc4 Rf8 20. h3 Ng8 21. Qg4 Ngf6 22. Qg3 Nh5 23. Qf2 N5f6 24. Qg3 Nh5 25. Qf2 N5f6 26. h4 Nh5 27. g4 N5f6 28. g5 Ng8 29. Qg3 hxg5 30. hxg5 g6 31. Rg1 Rde8 32. Nh4 Kg7 33. f6+ Ngxf6 34. gxf6+ Nxf6 35. Nf5+ Kh8 36. Qh3+ Kg8 37. Nh6+ Kg7 38. Nf5+ Kg8 1-0

[Event "ROM-ch U12"]
[Site "Baile Felix"]
[Date "2017.02.08"]
[Round "8"]
[White "Togan, Teodor Bogdan"]
[Black "Antal, Hunor Zoltan"]
[Result "1/2-1/2"]
[WhiteElo "1574"]
[BlackElo "1735"]
[PlyCount "39"]
[EventDate "2017.02.02"]
[EventType "swiss"]
[EventRounds "9"]
[EventCountry "ROU"]
[SourceTitle "CBM 176 Extra"]
[Source "ChessBase"]
[SourceDate "2017.03.02"]
[SourceVersion "1"]
[SourceVersionDate "2017.03.02"]
[SourceQuality "1"]

1. e4 c5 2. Nf3 Nf6 3. Nc3 Nc6 4. d4 d5 5. exd5 Nxd5 6. Nxd5 Qxd5 7. dxc5 Qxc5 8. Be3 Qb4+ 9. Bd2 Qxb2 10. Bc4 e6 11. 0-0 Bc5 12. c3 Qb6 13. Ng5 g6 14. Qf3 Qc7 15. Qf6 Rg8 16. Nxh7 Be7 17. Qf3 Rh8 18. Qh3 Qe5 19. Qh6 Bf8 20. Qh4 1/2-1/2

[Event "ROM-ch U12"]
[Site "Baile Felix"]
[Date "2017.02.04"]
[Round "3"]
[White "Iucu, Mihai"]
[Black "Togan, Teodor Bogdan"]
[Result "0-1"]
[WhiteElo "1307"]
[BlackElo "1574"]
[PlyCount "106"]
[EventDate "2017.02.02"]
[EventType "swiss"]
[EventRounds "9"]
[EventCountry "ROU"]
[SourceTitle "CBM 176 Extra"]
[Source "ChessBase"]
[SourceDate "2017.03.02"]
[SourceVersion "1"]
[SourceVersionDate "2017.03.02"]
[SourceQuality "1"]

1. d4 d5 2. Bf4 Nf6 3. e3 e6 4. Nf3 c5 5. c3 Nc6 6. Nbd2 Bd6 7. Bg3 0-0 8. Bd3 b6 9. Qe2 Bb7 10. 0-0 Bxg3 11. hxg3 Qd6 12. e4 dxe4 13. Nxe4 Nxe4 14. Qxe4 f5 15. Qh4 cxd4 16. Rad1 Rf6 17. Nxd4 Qd5 18. f3 Nxd4 19. Qxd4 Qxa2 20. Rf2 Qd5 21. Qxd5 Bxd5 22. c4 Bb7 23. Bc2 Bc6 24. Re2 Kf7 25. Rd6 Rc8 26. b4 g6 27. Bb3 Be8 28. c5 Rc6 29. Rxc6 Bxc6 30. cxb6 axb6 31. Rd2 Ke7 32. f4 Rf8 33. Re2 Be4 34. Bc2 Bd5 35. Bd3 Ra8 36. Bb5 Ra3 37. Kf2 Rb3 38. Rc2 Rxb4 39. Be2 Kd7 40. Bf3 Bxf3 41. gxf3 b5 42. Kg2 Rc4 43. Rb2 b4 44. Kf2 Kd6 45. Ke2 Kd5 46. Rd2+ Rd4 47. Rc2 b3 48. Rb2 Rb4 49. Kd3 h6 50. Kc3 Kc5 51. Re2 b2 52. Rxb2 Rxb2 53. Kxb2 Kd4 0-1

[Event "ROM-ch U12"]
[Site "Baile Felix"]
[Date "2017.02.03"]
[Round "2"]
[White "Togan, Teodor Bogdan"]
[Black "Capragiu, Matei Stefan"]
[Result "1/2-1/2"]
[WhiteElo "1574"]
[BlackElo "1179"]
[PlyCount "74"]
[EventDate "2017.02.02"]
[EventType "swiss"]
[EventRounds "9"]
[EventCountry "ROU"]
[SourceTitle "CBM 176 Extra"]
[Source "ChessBase"]
[SourceDate "2017.03.02"]
[SourceVersion "1"]
[SourceVersionDate "2017.03.02"]
[SourceQuality "1"]

1. e4 e6 2. d4 d5 3. e5 c5 4. c3 Nc6 5. Nf3 Bd7 6. a3 Qb6 7. b4 cxb4 8. cxb4 Rc8 9. Be3 Nge7 10. Nbd2 Nf5 11. Nb3 Nxe3 12. fxe3 Ne7 13. Nc5 Bc6 14. Rc1 Nf5 15. Na4 Qd8 16. Kf2 Bd7 17. Rxc8 Qxc8 18. Bd3 Ne7 19. Re1 b6 20. Qb3 Qb7 21. Rc1 h6 22. Nc3 a6 23. Nd2 Nc8 24. e4 dxe4 25. Bxe4 Qa7 26. Ne2 Be7 27. Bc6 b5 28. Bxd7+ Qxd7 29. Qc3 0-0 30. Qc6 Qa7 31. Qc7 f6 32. Qxa7 fxe5+ 33. Nf3 Nxa7 34. Rc7 Rf7 35. Kg1 Bd6 36. Rxf7 Kxf7 37. dxe5 Bc7 1/2-1/2

[Event "ROM-ch U10"]
[Site "Calimanesti Caciulata"]
[Date "2016.04.24"]
[Round "8"]
[White "Togan, Teodor Bogdan"]
[Black "Jitea, Andrei Cristian"]
[Result "1-0"]
[WhiteElo "1389"]
[BlackElo "1207"]
[PlyCount "83"]
[EventDate "2016.04.18"]
[EventType "swiss"]
[EventRounds "9"]
[EventCountry "ROU"]
[SourceTitle "EXT 2017"]
[Source "ChessBase"]
[SourceDate "2016.10.25"]
[SourceVersion "1"]
[SourceVersionDate "2016.10.25"]
[SourceQuality "1"]

1. e4 e5 2. Bc4 Nf6 3. d3 Bc5 4. Nc3 d6 5. Bg5 Be6 6. Nd5 Bxd5 7. Bxd5 c6 8. Bb3 h6 9. Bh4 0-0 10. Ne2 d5 11. Nc3 d4 12. Ne2 Bb4+ 13. c3 dxc3 14. bxc3 Ba5 15. 0-0 Nbd7 16. Bxf6 Qxf6 17. d4 Rad8 18. Qc2 c5 19. d5 b5 20. a4 c4 21. Ba2 Qa6 22. axb5 Qxb5 23. Bxc4 Qxc4 24. Rxa5 a6 25. Ra4 Qc8 26. Ra3 Nc5 27. Ng3 Rd6 28. Nf5 Rd7 29. c4 Re8 30. Rg3 g6 31. Nxh6+ Kh7 32. Ng4 Rd6 33. Rh3+ Kg7 34. Ne3 Rf6 35. Rg3 Rf4 36. Nf5+ Rxf5 37. exf5 e4 38. Qb2+ Kf8 39. fxg6 Nd3 40. Qh8+ Ke7 41. Qh4+ Kf8 42. g7+ 1-0

[Event "ROM-ch U10"]
[Site "Calimanesti Caciulata"]
[Date "2016.04.23"]
[Round "7"]
[White "Creanga, Robert Ionut"]
[Black "Togan, Teodor Bogdan"]
[Result "1-0"]
[WhiteElo "1907"]
[BlackElo "1389"]
[PlyCount "137"]
[EventDate "2016.04.18"]
[EventType "swiss"]
[EventRounds "9"]
[EventCountry "ROU"]
[SourceTitle "CBM 172 Extra"]
[Source "ChessBase"]
[SourceDate "2016.06.21"]
[SourceVersion "1"]
[SourceVersionDate "2016.06.21"]
[SourceQuality "1"]

1. e4 e5 2. Nc3 Bc5 3. Bc4 Nf6 4. d3 Nc6 5. f4 d6 6. Nf3 Bg4 7. Na4 Bb6 8. Nxb6 axb6 9. h3 Bxf3 10. Qxf3 Nd4 11. Qf2 b5 12. Bb3 Nxb3 13. cxb3 Qe7 14. 0-0 0-0 15. f5 h6 16. g4 Nh7 17. h4 Ra6 18. Qg3 f6 19. Rf2 Rfa8 20. a3 b4 21. Rg2 c6 22. Rb1 d5 23. a4 dxe4 24. dxe4 b5 25. axb5 cxb5 26. Qd3 Qc5+ 27. Be3 Qc6 28. Rc2 Qb7 29. Bc5 Ra1 30. Rxa1 Rxa1+ 31. Kg2 Re1 32. Re2 Rxe2+ 33. Qxe2 Nf8 34. Bxb4 Nd7 35. Qd3 Nb6 36. Bc5 Nd7 37. b4 Nb6 38. Kf3 Qc7 39. Qxb5 Nd7 40. Qc4+ Kh7 41. Qd5 Nb8 42. Bd6 Qa7 43. Bxb8 Qxb8 44. b5 Qb6 45. b4 Qg1 46. Qc5 Qf1+ 47. Ke3 Qe1+ 48. Kd3 Qf1+ 49. Kc3 Qa1+ 50. Kc4 Qa2+ 51. Kd3 Qb1+ 52. Qc2 Qxb4 53. Qc4 Qb1+ 54. Kc3 Qe1+ 55. Kb3 Qxh4 56. b6 Qf2 57. b7 Qe3+ 58. Kb4 Qb6+ 59. Qb5 Qd6+ 60. Ka5 Qa3+ 61. Kb6 Qd6+ 62. Qc6 Qb4+ 63. Kc7 Qe7+ 64. Qd7 Qc5+ 65. Qc6 Qe7+ 66. Kb6 Qb4+ 67. Ka7 Qa5+ 68. Qa6 Qc5+ 69. Ka8 1-0

[Event "ROM-ch U10"]
[Site "Calimanesti"]
[Date "2015.03.30"]
[Round "1"]
[White "Costescu, Mihnea Constantin"]
[Black "Togan, Teodor Bogdan"]
[Result "0-1"]
[WhiteElo "1001"]
[BlackElo "1434"]
[PlyCount "93"]
[EventDate "2015.03.30"]
[EventType "swiss"]
[EventRounds "9"]
[EventCountry "ROU"]
[SourceTitle "CBM 165 Extra"]
[Source "ChessBase"]
[SourceDate "2015.04.21"]
[SourceVersion "1"]
[SourceVersionDate "2015.04.21"]
[SourceQuality "1"]

1. e4 c5 2. d4 cxd4 3. Qxd4 Nc6 4. Qd1 Nf6 5. Nc3 d6 6. Nf3 Bg4 7. Be2 g6 8. 0-0 Bg7 9. Be3 0-0 10. h3 Bd7 11. a3 a6 12. b4 b6 13. Rb1 Qc7 14. Qc1 Nxb4 15. Rxb4 Qxc3 16. Rb1 Nxe4 17. Rb3 Qc7 18. Bd3 Nc5 19. Bxc5 Qxc5 20. Rb1 Bc6 21. Be2 Rac8 22. Nd2 Bd5 23. Bd3 Qc6 24. f3 e5 25. Ne4 f5 26. Nd2 e4 27. fxe4 fxe4 28. Rxf8+ Rxf8 29. Be2 Ba2 30. Rb4 Bc3 31. Rxe4 Bxd2 32. Qxd2 Qxe4 33. Bd3 Qd4+ 34. Kh1 Rf1+ 35. Kh2 Qf4+ 36. Qxf4 Rxf4 37. Kg3 Ra4 38. Kf2 Rxa3 39. Ke2 b5 40. Kd2 Kf7 41. Kc1 Kf6 42. Kd2 Kg5 43. Ke3 Bc4 44. Ke4 Bxd3+ 45. cxd3 b4 46. Ke3 b3 47. Kd2 0-1

[Event "ROM-ch U08"]
[Site "Calimanesti"]
[Date "2014.04.10"]
[Round "6"]
[White "Hogas, Mihai"]
[Black "Togan, Teodor Bogdan"]
[Result "0-1"]
[WhiteElo "1191"]
[BlackElo "1257"]
[PlyCount "63"]
[EventDate "2014.04.06"]
[EventType "swiss"]
[EventRounds "9"]
[EventCountry "ROU"]
[SourceTitle "CBM 160 Extra"]
[Source "ChessBase"]
[SourceDate "2014.07.01"]
[SourceVersion "1"]
[SourceVersionDate "2014.07.01"]
[SourceQuality "1"]

1. e4 e5 2. Nf3 Nc6 3. Bb5 d6 4. c3 Bd7 5. Ba4 Nf6 6. Bc2 Be7 7. d3 0-0 8. 0-0 Re8 9. Re1 Bf8 10. Nbd2 g6 11. Nf1 Bg7 12. Ng3 Bg4 13. h3 Bd7 14. a3 a5 15. Kh1 d5 16. Bg5 Be6 17. Kg1 h6 18. Bd2 b5 19. Qc1 Kh7 20. b4 a4 21. Kh1 g5 22. exd5 Nxd5 23. d4+ Kg8 24. dxe5 Bc8 25. Qd1 Nxe5 26. Nxe5 Bxe5 27. Qf3 c6 28. Rad1 Ra7 29. Ne4 f5 30. Nc5 g4 31. Qe3 Nxe3 32. Rxe3 0-1

[Event "ROM-ch U08"]
[Site "Calimanesti"]
[Date "2014.04.06"]
[Round "1"]
[White "Togan, Teodor Bogdan"]
[Black "Voicu, Teodor Mihnea"]
[Result "1-0"]
[WhiteElo "1257"]
[BlackElo "1013"]
[PlyCount "107"]
[EventDate "2014.04.06"]
[EventType "swiss"]
[EventRounds "9"]
[EventCountry "ROU"]
[SourceTitle "CBM 160 Extra"]
[Source "ChessBase"]
[SourceDate "2014.07.01"]
[SourceVersion "1"]
[SourceVersionDate "2014.07.01"]
[SourceQuality "1"]

1. e4 e5 2. Nf3 Nc6 3. c3 Nf6 4. d4 exd4 5. e5 Qe7 6. Qe2 Ng8 7. cxd4 Qb4+ 8. Qd2 Qxd2+ 9. Bxd2 Bb4 10. Nc3 Bxc3 11. Bxc3 Nge7 12. Bc4 d5 13. exd6 cxd6 14. d5 Nd8 15. 0-0 0-0 16. Bb4 Re8 17. Rfe1 Bd7 18. Bxd6 Nc8 19. Rxe8+ Bxe8 20. Bb4 a5 21. Bc5 b6 22. Bd4 b5 23. Bd3 f6 24. Re1 Kf7 25. Bf5 g6 26. Be6+ Nxe6 27. dxe6+ Ke7 28. Bc5+ Nd6 29. Nd4 Rc8 30. Rc1 Rc7 31. Kf1 Kd8 32. Bb6 Ke7 33. Bxc7 Ne4 34. Bxa5 Ng5 35. Bb4+ Kd8 36. e7+ Kd7 37. Nxb5 Ke6 38. Nd4+ Ke5 39. Nf3+ Nxf3 40. gxf3 Bb5+ 41. Ke1 Ke6 42. Rc8 Bd7 43. e8Q+ Bxe8 44. Rxe8+ Kf5 45. a4 Kf4 46. a5 Kxf3 47. a6 Kg2 48. a7 Kxh2 49. a8Q Kh3 50. Qf3+ Kh2 51. Rh8 Kg1 52. Ke2 Kh2 53. Rxh7+ Kg1 54. Qh1# 1-0